| 000 | 00758nam a22002657a 4500 | ||
|---|---|---|---|
| 005 | 20250819192555.0 | ||
| 008 | 170719b xxu||||| |||| 00| 0 spa d | ||
| 020 | _a9789968561754 | ||
| 041 | _aESP | ||
| 082 | _a345.077.2 M977e | ||
| 100 |
_aMurillo Rodríguez, Roy _943430 |
||
| 100 |
_aAguilar Herrera, Gabriela _943431 |
||
| 245 | _aEjecución penal : derechos fundamentales y control jurisdiccional | ||
| 260 | _aCosta Rica | ||
| 260 | _bEditorial Jurídica Continental | ||
| 260 | _c2014 | ||
| 300 | _a424 páginas | ||
| 490 | _aInvestigación Criminal | ||
| 650 | _aCOSTA RICA | ||
| 650 | _aDERECHO PENAL | ||
| 650 | _aLEGISLACIÓN | ||
| 650 | _aEJECUCIÓN PENAL | ||
| 650 | _aSISTEMA PENITENCIARIO COSTARRICENSE | ||
| 942 |
_cBK _2ddc |
||
| 999 |
_c9651 _d9651 |
||